1702 1697 1819 1007 1843 1106 1576 1072 1363 1289 1533 1026 1650 1289 1655 1041 1006 1535 1931 1830 1128 1340 1776 1765 1499 1651 1124 1713 1073 1793 1184 1084 1572 1015 1161 1275 1782 1994 1028 1697 1812 1560 1025 1711 1273 1827 1336 1648 1530 1410 1509 1982 1301 1849 1734 1858 1894 1481 1690 1017 1695 1421 1755 1939 1733 1978 1034 1532 1934 1666 1926 1212 1942 1739 1886 1595 1600 1611 1084 1640 1899 1057 1576 1269 1969 1177 1459 1714 1083 1032 1208 1549 1643 1162 1709 1543 1420 1541 1189 BCNSPRNW ULIB Ver.6.0+V

เปลี่ยนเป็นภาษาไทย

Change to English
 แสดงรายละเอียดบรรณานุกรม
  กลับหน้าหลัก

Brief Record : Get Marc (ISO 2709) : E-mail record : QR code < ปิดหน้าต่าง
LEADER : 00000nam 2200000uu 4500
001    13399114214
003     ULIB
008    120305s2553||||th 000 0 tha d
020    ^a9786165092319
060 04 ^aQZ50^bว712ร
100 0  ^aวิโรจน์ ไววานิชกิจ
245 10 ^aรู้จริงโรคกรรมพันธุ์ /^cโดยวิโรจน์ ไววานิชกิจ
260    ^aกรุงเทพฯ :^bแฮปปี้บุ๊ค,^c2553
300    ^a127 หน้า :^bภาพประกอบ ;^c21 ซม.
650  7 ^aโรคพันธุกรรม
650  7 ^aโรคเลือดทางพันธุกรรม
650  7 ^aโรคมะเร็งทางพันธุกรรม
650  7 ^aโรคระบบประสาททางพันธุกรรม
945    ^p110^l0^i18874
995    ^aกัณชพร
999    ^aใช้งานได้ทุกระบบ
รายการนี้ยังไม่มีแท็ก
คุณยังไม่ได้ล็อกอิน คุณสามารถมีกิจกรรมร่วมกับเว็บไซต์ได้ แต่ต้องล็อกอินก่อน ::
  ล็อกอิน

รายการสื่อสารสนเทศ

ลำดับที่ ประเภท เลขเรียก/บาร์โค้ด สถานที่ สถานะ
- ไม่พบข้อมูล -

รายการใกล้เคียง
    ผู้แต่ง [วิโรจน์ ไววานิชกิจ]

    หัวเรื่อง [โรคพันธุกรรม]
    หัวเรื่อง [โรคเลือดทางพันธุกรรม]
    หัวเรื่อง [โรคมะเร็งทางพันธุกรรม]
    หัวเรื่อง [โรคระบบประสาททางพันธุกรรม]

BibComment


ยังไม่เคยถูกคอมเมนท์

คอมเมนท์ทรัพยากรรายการนี้
  คอมเมนท์: รู้จริงโรคกรรมพั..


 Copyright 2026. Bcnsprnw @Library